Historia general de los robos y asesinatos de los más famosos piratas / (Record no. 15205)

MARC details
000 -LEADER
campo de control de longitud fija 00824nam a2200253 i 4500
001 - NÚMERO DE CONTROL
campo de control 15205
003 - IDENTIFICADOR DE NÚMERO DE CONTROL
campo de control ES-MaACL
005 - FECHA Y HORA DE LA ÚLTIMA TRANSACCIÓN
campo de control 20230906151021.0
007 - CAMPO FIJO DE DESCRIPCIÓN FÍSICA--INFORMACIÓN GENERAL
campo de control de longitud fija t|
008 - DATOS DE LONGITUD FIJA--INFORMACIÓN GENERAL
campo de control de longitud fija 000118s1999 sp ||||1| spa d
020 ## - NÚMERO INTERNACIONAL ESTÁNDAR DEL LIBRO
Número Internacional Estándar del Libro 84-7702-263-1
080 ## - NÚMERO DE LA CLASIFICACIÓN DECIMAL UNIVERSAL
Número de la Clasificación Decimal Universal 910.4(100)"17"
100 1# - ENTRADA PRINCIPAL--NOMBRE DE PERSONA
Nombre de persona Defoe, Daniel.
9 (RLIN) 43204
245 10 - MENCIÓN DEL TÍTULO
Título Historia general de los robos y asesinatos de los más famosos piratas /
Mención de responsabilidad, etc. Daniel Defoe ; traducción de Francisco Torres Oliver.
250 ## - MENCION DE EDICION
Mención de edición 3ª ed.
260 ## - PUBLICACIÓN, DISTRIBUCIÓN, ETC.
Lugar de publicación, distribución, etc. Madrid :
Nombre del editor, distribuidor, etc. Valdemar,
Fecha de publicación, distribución, etc. 1999.
300 ## - DESCRIPCIÓN FÍSICA
Extensión 745 p., [4] p. de lám. ;
Dimensiones 22 cm.
490 1# - MENCIÓN DE SERIE
Mención de serie Valdemar/histórica ;
Designación de volumen o secuencia 8
650 #4 - PUNTO DE ACCESO ADICIONAL DE MATERIA--TÉRMINO DE MATERIA
Término de materia o nombre geográfico como elemento de entrada Piratas-
Subdivisión general Historia.
9 (RLIN) 164236
700 1# - ENTRADA AGREGADA--NOMBRE PERSONAL
Nombre de persona Torres Oliver, Francisco,
Fechas asociadas al nombre 1935-
9 (RLIN) 110996
830 1# - PUNTO DE ACCESO ADICIONAL DE SERIE-TÍTULO UNIFORME
Título uniforme Valdemar/histórica ;
Designación de volumen o secuencia 8
9 (RLIN) 228562
852 4# - LOCALIZACIÓN
Ubicación ES-MaACL
Número de control de estantería L-22346
Holdings
Estatus retirado Estado de pérdida Estado de daño No para préstamo Biblioteca de origen Biblioteca actual Ubicación en estantería Fecha de adquisición Fuente de adquisición Total de préstamos Signatura topográfica completa Código de barras Visto por última vez Precio de reemplazo Tipo de ítem Koha
        Biblioteca del Ateneo de Madrid Biblioteca del Ateneo de Madrid Depósito 2 17/01/2008     L-22346 1015461 23/02/2023 23/02/2023 Libro impreso